000 00530nam a2200193Ia 4500
005 20250923150246.0
008 008 250917s9999 xx 000 0 eng d
037 _aTextual
040 _aDSWL
_beng
_cDSWL
041 _aeng
_2eng
084 _aY:491, P4
_qDSWL
245 0 _aBlackwell companion to social movements
_cEd.by David A Snow
260 _aMalden
_bBlackwell
_c2007
300 _a754 p.
365 _aUSD
_b47 . 95
925 _g47 . 95
942 _cTEXL
_hY:491, P4
999 _c1461389
_d1461389